Biblioteka Instytutu Północnego w Olsztynie

Program walki z kryzysem gospodarczym w Polsce : (Rekord nr 27306)

Szczegóły MARC
000 -Nagłówek
fixed length control field 01707cam a2200409 i 4500
001 - Nr kontrolny bibl., która utworzyła rek.
control field zz2006795918
003 - Siglum bibl., której nr kontr. jest w 001
control field NUKAT
005 - Data i czas ostatniej operacji
control field 20260327213250.0
008 - Elementy pola stałej długości
fixed length control field 061118s1925 pl |000 0 pol c
035 ## - Systemowy numer kontrolny
systemowy numer kontrolny (OCoLC)749640993
035 ## - Systemowy numer kontrolny
systemowy numer kontrolny (NUKAT)zz2006795918
040 ## - Instytucja sporządzająca opis
Instytucja, która sporządziła opis WA U/76MP
język katalgowania-trzyzn. kod pol
zasady opisu rda
Instytucja, która sporządziła rekord WA U/MP
Instytucja, która zmodyfikowała rekord WA U/76DP
-- WA U/EBA
-- KIEL 010/MCs
-- OLSZT 008/AL
100 1# - Hasło główne-nazwa osobowa
Nazwa osobowa Grabski, Władysław
Daty biograficzne (1874-1938).
rodzaj współpracy Autor
9 (RLIN) 1642
245 10 - Tytuł właściwy i oznaczenie odpow.
tytuł Program walki z kryzysem gospodarczym w Polsce :
dodatek do tytułu mowy p. prezesa rady ministrów i ministra skarbu Władysława Grabskiego: 1) wygłoszona na posiedzeniu narady gospodarczej w dniu 1. października 1925 roku ; 2) wygłoszona w Sejmie w dn. 6. października 1925 r.
260 ## - Adres wydawniczy
miejsce wydania, dystrybucji itp. Warszawa :
nazwa wydawcy, dystrybutora itp. [wydawca nieznany],
data wydania, dystrybucji itp. 1925
miejsce druku (Warszawa :
nazwa drukarni tłoczono czcionkami Drukarni Państwowej).
300 ## - Opis fizyczny
objętość i/lub forma materiału [2], 50 stron ;
format 20 cm.
336 ## - Content Type
Term Tekst
Code txt
Source rdacontent
337 ## - Media Type
Term Bez urządzenia pośredniczącego
Code n
Source rdamedia
338 ## - Carrier Type
Term Wolumin
Code nc
Source rdacarrier
380 ## - Form of work
Form of work Książki
380 ## - Form of work
Form of work Proza
386 ## - Creator/Contributor Characteristics
Demographic group term Przynależność kulturowa
Creator/contributor term Literatura polska
388 1# - TIME PERIOD OF CREATION
Time period of creation term 1901-2000
388 1# - TIME PERIOD OF CREATION
Time period of creation term 1918-1939
610 27 - Hasło przedmiotowe-nazwa ciała zbior.
nazwa ciała zbior. lub geogr. Sejm (1922-1927)
źródło hasła DBN
9 (RLIN) 39115
648 #7 - SUBJECT ADDED ENTRY--CHRONOLOGICAL TERM
Chronological term 1901-2000
Source of heading or term DBN
9 (RLIN) 34996
648 #7 - SUBJECT ADDED ENTRY--CHRONOLOGICAL TERM
Chronological term 1918-1939
Source of heading or term DBN
9 (RLIN) 36041
650 #7 - Hasło przedmiotowe-nazwa pospolita
nazwa pospolita lub geogr. Gospodarka
źródło hasła DBN
9 (RLIN) 35937
650 #7 - Hasło przedmiotowe-nazwa pospolita
nazwa pospolita lub geogr. Kryzys gospodarczy
źródło hasła DBN
9 (RLIN) 36012
651 #7 - Hasło przedmiotowe-nazwa geogr.
nazwa geograficzna Polska
źródło hasła DBN
9 (RLIN) 35076
651 #7 - Hasło przedmiotowe-nazwa geogr.
nazwa geograficzna Polska
określnik rzeczowy polityka gospodarcza
określnik chronologiczny 1918-1939.
źródło hasła kaba
9 (RLIN) 32874
655 #7 - Termin określający rodzaj/formę
rodzaj/forma Mowy parlamentarne
źródło terminu DBN
9 (RLIN) 39116
655 #7 - Termin określający rodzaj/formę
rodzaj/forma Przemówienia polskie
określnik chronologiczny 1900-1945.
źródło terminu kaba
9 (RLIN) 35519
658 ## - Nazwa określająca cel programu nauczania
główny cel programu nauczania Gospodarka, ekonomia, finanse
710 2# - Hasło dodatkowe - nazwa ciała zbior.
nazwa ciała zbior. lub nazwa geogr. Drukarnia Państwowa (Warszawa).
rodzaj współpracy Druk
kod rodzaju współpracy prt
9 (RLIN) 39114
942 ## - ADDED ENTRY ELEMENTS (KOHA)
Source of classification or shelving scheme Dewey Decimal Classification
Koha item type pozycje dostępne na miejscu
Egzemplarze
Status wycofania Status zagubienia Klasyfikacja Status uszkodzenia Blokada wypożyczeń Kolekcja Lokalizacja macierzysta Lokalizacja bieżąca Data nabycia Numer akcesji Nr inwentarzowy il. wypożyczeń Sygnatura Kod kreskowy Date last seen Price effective from Typ egz.
    Dewey Decimal Classification nieuszkodzona   Pracownia Badań Księgozbiorów Historycznych Biblioteka Instytutu Północnego w Olsztynie Pracownia Badań Księgozbiorów Historycznych 27/03/2026 W-102/1968 14823   14823 IPWK20952 27/03/2026 27/03/2026 pozycje dostępne na miejscu
Biblioteka Instytutu Północnego, ul. Partyzantów 87, 10-402 Olsztyn, email: biblioteka(at)ip.olsztyn.pl